000 00353nam a2200109Ia 4500
008 150223s9999 xx 000 0 und d
020 _a9780877796725
050 _aPC 4640
_b.M47 2003
245 _aMerriam-Webster's notebook Spanish-English dictionary :
260 _aMassachusetts :
_bMerriam-Webster, Incorporated,
_c2004
300 _a105 pages :
_c28 cm.
999 _c283301
_d283301